000 00420nam a2200205Ia 4500
001 13410
003 GE_BSU
008 181216s||||||||xx |||||||||||||| ||und||
020 _a978055214258
040 _cGE_BSU
080 _a821.111-3
100 _aStel,Danille
245 4 _aThe Gift
260 _aLondon
260 _bCorgi books
260 _c1994
300 _a320p.17cm.
653 _aThe Gift
942 _cBK
999 _c46571
_d46571